<?xml version="1.0" encoding="UTF-8"?>
<record
    xmlns:xsi="http://www.w3.org/2001/XMLSchema-instance"
    xsi:schemaLocation="http://www.loc.gov/MARC21/slim http://www.loc.gov/standards/marcxml/schema/MARC21slim.xsd"
    xmlns="http://www.loc.gov/MARC21/slim">

  <leader>00439nam a22001697a 4500</leader>
  <controlfield tag="003">OSt</controlfield>
  <controlfield tag="008">210520b           ||||| |||| 00| 0 eng d</controlfield>
  <datafield tag="020" ind1=" " ind2=" ">
    <subfield code="a">9789390564705</subfield>
  </datafield>
  <datafield tag="082" ind1=" " ind2=" ">
    <subfield code="a">004.076</subfield>
    <subfield code="b">SIG</subfield>
  </datafield>
  <datafield tag="100" ind1=" " ind2=" ">
    <subfield code="a">SINGH,B</subfield>
  </datafield>
  <datafield tag="245" ind1=" " ind2=" ">
    <subfield code="a">Gate 2022 Previous Solved Papers Throughly Revised and Updateed Computer Science and IT</subfield>
  </datafield>
  <datafield tag="250" ind1=" " ind2=" ">
    <subfield code="a">15th</subfield>
  </datafield>
  <datafield tag="260" ind1=" " ind2=" ">
    <subfield code="a">New Delhi</subfield>
    <subfield code="b">Made Easy</subfield>
    <subfield code="c">2021</subfield>
  </datafield>
  <datafield tag="300" ind1=" " ind2=" ">
    <subfield code="a">755</subfield>
  </datafield>
  <datafield tag="700" ind1=" " ind2=" ">
    <subfield code="a">MCA</subfield>
  </datafield>
  <datafield tag="942" ind1=" " ind2=" ">
    <subfield code="2">ddc</subfield>
    <subfield code="c">BK</subfield>
  </datafield>
  <datafield tag="999" ind1=" " ind2=" ">
    <subfield code="c">10644</subfield>
    <subfield code="d">10644</subfield>
  </datafield>
  <datafield tag="952" ind1=" " ind2=" ">
    <subfield code="0">0</subfield>
    <subfield code="1">0</subfield>
    <subfield code="2">ddc</subfield>
    <subfield code="4">0</subfield>
    <subfield code="7">0</subfield>
    <subfield code="8">GENERAL</subfield>
    <subfield code="a">PIET</subfield>
    <subfield code="b">PIET</subfield>
    <subfield code="d">2021-04-15</subfield>
    <subfield code="e">Kirti Praskshan</subfield>
    <subfield code="f">IN Rupees</subfield>
    <subfield code="g">950.00</subfield>
    <subfield code="k">IN2047</subfield>
    <subfield code="l">0</subfield>
    <subfield code="o">004.076 SIG</subfield>
    <subfield code="p">32852</subfield>
    <subfield code="r">2021-05-20 00:00:00</subfield>
    <subfield code="v">665.00</subfield>
    <subfield code="w">2021-04-15</subfield>
    <subfield code="y">REF</subfield>
    <subfield code="z">Competition</subfield>
  </datafield>
  <datafield tag="952" ind1=" " ind2=" ">
    <subfield code="0">0</subfield>
    <subfield code="1">0</subfield>
    <subfield code="2">ddc</subfield>
    <subfield code="4">0</subfield>
    <subfield code="7">0</subfield>
    <subfield code="8">GENERAL</subfield>
    <subfield code="a">PIET</subfield>
    <subfield code="b">PIET</subfield>
    <subfield code="d">2021-04-15</subfield>
    <subfield code="e">Kirti Praskshan</subfield>
    <subfield code="f">IN Rupees</subfield>
    <subfield code="g">950.00</subfield>
    <subfield code="k">IN2047</subfield>
    <subfield code="l">6</subfield>
    <subfield code="o">004.076 SIG</subfield>
    <subfield code="p">32853</subfield>
    <subfield code="q">2022-09-28</subfield>
    <subfield code="r">2022-09-14 00:00:00</subfield>
    <subfield code="s">2022-09-14</subfield>
    <subfield code="v">665.00</subfield>
    <subfield code="w">2021-04-15</subfield>
    <subfield code="y">BK</subfield>
    <subfield code="z">Competition</subfield>
  </datafield>
  <datafield tag="952" ind1=" " ind2=" ">
    <subfield code="0">0</subfield>
    <subfield code="1">0</subfield>
    <subfield code="2">ddc</subfield>
    <subfield code="4">0</subfield>
    <subfield code="7">0</subfield>
    <subfield code="8">GENERAL</subfield>
    <subfield code="a">PIET</subfield>
    <subfield code="b">PIET</subfield>
    <subfield code="d">2021-04-15</subfield>
    <subfield code="e">Kirti Praskshan</subfield>
    <subfield code="f">IN Rupees</subfield>
    <subfield code="g">950.00</subfield>
    <subfield code="k">IN2047</subfield>
    <subfield code="l">7</subfield>
    <subfield code="o">004.076 SIG</subfield>
    <subfield code="p">32854</subfield>
    <subfield code="q">2023-06-20</subfield>
    <subfield code="r">2022-12-22 00:00:00</subfield>
    <subfield code="s">2022-12-22</subfield>
    <subfield code="v">665.00</subfield>
    <subfield code="w">2021-04-15</subfield>
    <subfield code="y">BK</subfield>
    <subfield code="z">Competition</subfield>
  </datafield>
  <datafield tag="952" ind1=" " ind2=" ">
    <subfield code="0">0</subfield>
    <subfield code="1">0</subfield>
    <subfield code="2">ddc</subfield>
    <subfield code="4">0</subfield>
    <subfield code="7">0</subfield>
    <subfield code="8">GENERAL</subfield>
    <subfield code="a">PIET</subfield>
    <subfield code="b">PIET</subfield>
    <subfield code="d">2021-04-15</subfield>
    <subfield code="e">Kirti Praskshan</subfield>
    <subfield code="f">IN Rupees</subfield>
    <subfield code="g">950.00</subfield>
    <subfield code="k">IN2047</subfield>
    <subfield code="l">10</subfield>
    <subfield code="o">004.076 SIG</subfield>
    <subfield code="p">32855</subfield>
    <subfield code="r">2026-01-23 00:00:00</subfield>
    <subfield code="s">2026-01-06</subfield>
    <subfield code="v">665.00</subfield>
    <subfield code="w">2021-04-15</subfield>
    <subfield code="y">BK</subfield>
    <subfield code="z">Competition</subfield>
  </datafield>
  <datafield tag="952" ind1=" " ind2=" ">
    <subfield code="0">0</subfield>
    <subfield code="1">0</subfield>
    <subfield code="2">ddc</subfield>
    <subfield code="4">0</subfield>
    <subfield code="7">0</subfield>
    <subfield code="8">GENERAL</subfield>
    <subfield code="a">PIET</subfield>
    <subfield code="b">PIET</subfield>
    <subfield code="d">2021-04-15</subfield>
    <subfield code="e">Kirti Praskshan</subfield>
    <subfield code="f">IN Rupees</subfield>
    <subfield code="g">950.00</subfield>
    <subfield code="k">IN2047</subfield>
    <subfield code="l">17</subfield>
    <subfield code="o">004.076 SIG</subfield>
    <subfield code="p">32856</subfield>
    <subfield code="q">2025-09-29</subfield>
    <subfield code="r">2025-03-11 00:00:00</subfield>
    <subfield code="s">2025-03-11</subfield>
    <subfield code="v">665.00</subfield>
    <subfield code="w">2021-04-15</subfield>
    <subfield code="y">BK</subfield>
    <subfield code="z">Competition</subfield>
  </datafield>
</record>
